[Event "OBEM 2019"]
[Site "Bremen"]
[Date "2019.04.14"]
[Round "2.4"]
[White "Hentrop, Malte"]
[Black "Elmali, Timur"]
[Result "0-1"]
[WhiteElo "1829"]
[BlackElo "2121"]
[Annotator "NA"]
[PlyCount "121"]
[EventDate "2019.04.13"]
[EventType "swiss"]
[EventCountry "GER"]
[SourceTitle "playchess.com"]
[Source "ChessBase"]
[SourceQuality "1"]
[TimeControl "40/5400+30:1800+30"]

1. d4 {[%emt 0:00:00]} Nf6 {[%emt 0:00:00]} 2. c4 {[%emt 0:00:00]} g6 {[%emt 0:00:03]} 3. Nc3 {[%emt 0:00:00]} Bg7 {[%emt 0:00:05]} 4. e4 {[%emt 0:00:00]} d6 {[%emt 0:00:04]} 5. Nf3 {[%emt 0:00:02]} O-O {[%emt 0:00:14]} 6. Be2 {[%emt 0:00:06]} Na6 {[%emt 0:01:32]} 7. O-O {[%emt 0:00:16]} e5 {[%emt 0:00:19]} 8. d5 {[%emt 0:04:37]} Nc5 {[%emt 0:00:23]} 9. Qc2 {[%emt 0:00:07]} a5 {[%emt 0:00:32]} 10. Be3 {[%emt 0:00:58]} b6 {[%emt 0:03:26]} 11. a3 {[%emt 0:02:01]} a4 {[%emt 0:06:52] E94: King's Indian: Classical: 6 Be2 e5 7 0-0: Various Black 7th moves} 12. Bxc5 {[%emt 0:03:12]} bxc5 {[%emt 0:00:10]} 13. b4 $146 {[%emt 0:02:13]} ({Predecessor:} 13. Nd2 Bd7 14. b4 axb3 15. Nxb3 Qe7 16. a4 Ne8 17. a5 Ra6 18. Nb5 f5 19. f3 {0-1 (46) Kothari,P (1405)-Sharma,D (2357) Aurangabad 2018}) 13... axb3 {[%emt 0:04:29]} 14. Qxb3 {[%emt 0:00:07]} Nh5 {[%emt 0:02:37]} 15. Rfb1 {[%emt 0:05:31]} Nf4 {[%emt 0:05:53]} 16. Bf1 {[%emt 0:00:03]} f5 {[%emt 0:00:38]} 17. Qc2 {[%emt 0:09:29]} fxe4 {[%emt 0:05:31]} 18. Nxe4 {[%emt 0:00:09]} Nh3+ {[%emt 0:03:57]} 19. Kh1 {[%emt 0:07:55]} Bg4 {[%emt 0:05:00]} 20. Rb3 {[%emt 0:02:04]} Rf4 {[%emt 0:18:26]} 21. gxh3 {[%emt 0:01:48]} Bxf3+ {[%emt 0:01:24]} 22. Bg2 {[%emt 0:00:06]} Bxe4 {[%emt 0:14:59]} 23. Bxe4 {[%emt 0:00:09]} Qh4 {[%emt 0:00:24]} 24. f3 {[%emt 0:01:40]} Qxh3 {[%emt 0:00:56]} 25. a4 {[%emt 0:59:57]} Rff8 {[%emt 0:04:56]} 26. Rbb1 {[%emt 0:00:00]} Ra7 {[%emt 0:03:00]} 27. Ra2 {[%emt 0:00:00]} Rfa8 {[%emt 0:03:00]} 28. Rba1 {[%emt 0:00:00]} Ra5 {[%emt 0:00:17]} 29. Qg2 {[%emt 0:00:00]} Qd7 {[%emt 0:15:23]} 30. Qc2 {[%emt 0:00:00]} Bh6 {[%emt 0:00:00]} 31. Rg1 {[%emt 0:00:00]} Be3 {[%emt 0:00:00]} ({Better is} 31... Rxa4 $19 32. Rga1 Rxa2 33. Rxa2 Rxa2 34. Qxa2 Kg7) 32. Rb1 {[%emt 0:00:00]} Kg7 {[%emt 0:00:00]} 33. Rb5 {[%emt 0:00:00]} Qh3 {[%emt 0:00:00]} 34. Rb1 {[%emt 0:00:00]} Bf4 {[%emt 0:00:00]} 35. Qg2 {[%emt 0:02:48]} Qxg2+ {[%emt 0:00:00]} 36. Kxg2 {[%emt 0:00:04]} Rxa4 {[%emt 0:00:00]} 37. Rxa4 {[%emt 0:00:08]} Rxa4 {[%emt 0:00:00]} 38. Rb7 {[%emt 0:01:00]} Rxc4 {[%emt 0:00:00]} 39. Rxc7+ {[%emt 0:00:07]} Kh6 {[%emt 0:00:00]} 40. Rc6 {[%emt 0:00:44]} Rd4 {[%emt 0:00:00]} 41. Rxd6 {[%emt 0:30:40]} Rd2+ {[%emt 0:26:57]} 42. Kf1 {[%emt 0:00:00]} Rxh2 {[%emt 0:00:00]} 43. Rc6 {[%emt 0:00:00]} Be3 {[%emt 0:00:00]} 44. Rc7 {[%emt 0:00:00]} Rd2 {[%emt 0:00:00]} 45. Ke1 {[%emt 0:00:00]} Rh2 {[%emt 0:00:00]} ({Black should play} 45... Rg2 $17) 46. Re7 {[%emt 0:00:00]} c4 {[%emt 0:00:00]} 47. Rxe5 {[%emt 0:00:00]} c3 {[%emt 0:00:00]} 48. Bd3 $2 {[%emt 0:00:00]} (48. Re6 $17) 48... Bd2+ {[%emt 0:00:00]} 49. Kd1 $2 {[%emt 0:00:00]} (49. Kf1) 49... Bf4 {[%emt 0:00:00]} 50. Re2 {[%emt 0:00:00] [#]} Rh1+ $2 {[%emt 0:00:00]} ({Better is} 50... Rxe2 $1 $19 51. Bxe2 Kg5) 51. Kc2 {[%emt 0:00:00]} Rc1+ {[%emt 0:00:00]} 52. Kb3 {[%emt 0:00:00]} Kg5 {[%emt 0:00:00]} 53. Kc4 {[%emt 0:00:00]} Kf6 $11 {[%emt 0:00:00]} 54. Kc5 {[%emt 0:00:00]} (54. Re6+ $11 {keeps the balance.} Kf7 55. Kb3) 54... Rd1 {[%emt 0:00:00]} 55. Bc2 {[%emt 0:00:00]} Rd2 {[%emt 0:00:40]} 56. Rxd2 {[%emt 0:00:00]} cxd2 {[%emt 0:00:11]} 57. d6 {[%emt 0:00:00]} h5 {[%emt 0:01:43]} 58. Kc6 {[%emt 0:06:26]} h4 {[%emt 0:00:43]} 59. d7 {[%emt 0:01:32]} Ke7 {[%emt 0:00:06]} 60. Kd5 {[%emt 0:00:16]} h3 {[%emt 0:00:22]} 61. Kd4 {[%emt 0:04:15]} 0-1

[Event "OBEM 2019"]
[Site "Bremen"]
[Date "2019.04.14"]
[Round "3.1"]
[White "Buescher, Andre"]
[Black "Margraf, Daniel"]
[Result "1/2-1/2"]
[WhiteElo "2019"]
[BlackElo "2238"]
[Annotator "TA"]
[PlyCount "62"]
[EventDate "2019.04.13"]
[EventType "swiss"]
[EventCountry "GER"]
[SourceTitle "playchess.com"]
[Source "ChessBase"]
[SourceQuality "1"]

{[%evp 14,62,48,19,22,32,25,41,74,86,114,32,29,0,25,22,37,28,23,0,0,0,0,-66,-54,-425,88,75,49,-224,-218,-707,-716,-622,-183,-162,199,206,212,0,0,0,0,0,0,0,0,0,0,0,0]} 1. e4 e5 2. Nf3 d6 3. d4 exd4 4. Nxd4 Nf6 5. Nc3 Be7 6. Bf4 O-O 7. Qd2 c6 8. O-O-O b5 {[%cal Bb7b5,Bb5b4][%mdl 32] C41: Philidor Defence} 9. f3 b4 10. Na4 (10. Nce2 c5 11. Nf5 Bxf5 12. exf5 Nc6 13. g4 Qa5 14. Kb1 c4 15. Nd4 Nxd4 16. Qxd4 {1-0 (39) Popov,I (2592)-Kazhgaleyev,M (2587) St Petersburg 2018}) 10... Qa5 {[#] Hoping for ...Nh5.White is slightly better.} 11. b3 c5 12. Nf5 (12. Nb5 $16) 12... Bxf5 $1 $14 13. exf5 Nc6 $1 14. g4 {Threatens to win with g5.} Nd4 $146 ({Predecessor:} 14... Rfd8 15. g5 Nh5 16. f6 {0-1 (33) Iraneta Unzue,I (2063)-Vega Gutierrez,S (2381) Linares 2015}) 15. g5 Nd5 {[#]} 16. f6 $1 {[%mdl 512]} gxf6 17. gxf6 Bxf6 18. Bxd6 (18. Bg5 $11 Qd8 19. h4) 18... Rfd8 $36 {[%mdl 2048] Black fights for an advantage.} 19. Bd3 $2 {[%mdl 8192]} ({White must play} 19. Qe1 $1 $15) 19... Bg7 $2 ({Don't take} 19... Rxd6 20. Qh6 $19) ({Black should play} 19... c4 $19 20. Bxc4 Rxd6) 20. Bxc5 $16 Nc3 21. Qg2 $2 {[%mdl 8192]} (21. Bxd4 $1 $14 {was forced to keep a grip.} Bxd4 22. Rdg1+ Kh8 23. Rg5 (23. Qh6 f5 $14)) 21... Ne6 $19 22. Rdg1 $2 (22. Be7 Nxd1 23. Bxd8 (23. Rxd1 $2 Rxd3 {[%mdl 64] Decoy} 24. Rxd3 Nf4 $19) 23... Rxd8 24. Rxd1) 22... Nxa4 23. Be7 Nac5 $2 (23... Nc3 24. a4 Na2+ 25. Kd1 Qe5) 24. Bf6 {Bc4 is the strong threat.} Qxa2 $4 {[%mdl 8192]} (24... Nxd3+ $19 {and life is good for Black.} 25. cxd3 Qc5+ 26. Kb1 Qf8) 25. Bc4 $18 Nd3+ 26. Bxd3 $2 (26. cxd3 $18 Qxg2 27. Rxg2) 26... Rxd3 $11 {The position is equal.} 27. Bxg7 {White wants to mate with Bf6+.} Nf4 28. Bh6+ Nxg2 29. Rxg2+ Kh8 {[%cal Ra2a1]} 30. Bg7+ Kg8 31. Bh6+ Kh8 {Accuracy: White = 34%, Black = 49%.} 1/2-1/2

[Event "OBEM 2019"]
[Site "Bremen"]
[Date "2019.04.14"]
[Round "3.2"]
[White "Erofeev, Anastasia"]
[Black "Hundack, Rolf"]
[Result "1/2-1/2"]
[WhiteElo "1975"]
[BlackElo "2140"]
[Annotator "TA"]
[PlyCount "83"]
[EventDate "2019.04.13"]
[EventType "swiss"]
[EventCountry "GER"]
[SourceTitle "playchess.com"]
[Source "ChessBase"]
[SourceQuality "1"]

{[%evp 21,83,17,64,55,58,42,53,18,120,126,209,150,141,146,160,128,146,132,129,138,132,141,163,133,154,150,157,141,158,163,275,252,268,211,211,188,205,157,211,212,209,184,190,143,330,222,265,177,222,176,176,174,175,178,159,166,187,183,733,133,201,68,68,60]} 1. d4 Nf6 2. c4 e6 3. Nc3 d5 4. cxd5 exd5 5. Bg5 Be7 6. e3 c6 7. Qc2 O-O 8. Bd3 Nbd7 9. Nge2 Re8 10. O-O Nf8 11. a3 Ne4 12. Bxe7 {D36: Queen's Gambit Declined: Exchange Variation: Main line (5 Bg5 c6 6 Qc2)} Qxe7 13. Bxe4 dxe4 14. Ng3 {[%cal Rc3e4] [#]} Qh4 $146 (14... f5 $11 {keeps the balance.}) ({Predecessor:} 14... f5 15. f3 exf3 16. Rxf3 Ng6 17. Re1 f4 18. Nge4 Qh4 19. Rf2 fxe3 20. Rxe3 Be6 21. Nd6 Qxd4 22. Rd3 Bc4 23. Rd1 Qxd6 24. Ne4 Rxe4 {0-1 (24) McShane,L (2467)-Mirumian,V (2506) Lippstadt 1999}) 15. Ncxe4 $16 {[%cal Bc3e4,Be4d2,Bd2f3,Bf3e1,Be1d3][%mdl 32]} Re6 (15... Qe7 $16 {was necessary.} 16. Qc5 Be6 17. Qxe7 Rxe7) 16. Nd2 Rh6 {[%csl Gh6][%cal Rh4h2] [#]} 17. Nf3 Qf6 18. Qe4 Be6 19. Qe5 Qd8 20. Qg5 f6 21. Qc5 Kh8 22. Ne1 Nd7 23. Qc2 Nb6 24. Nd3 Nd5 25. Rfe1 Rc8 (25... Ne7 $142 26. Nc5 Bc8) 26. Nc5 $18 Qe7 27. Nxe6 Qxe6 28. Rac1 Rf8 29. Qf5 Qe8 (29... Qd6 $16 30. h3 g6) 30. e4 Ne7 31. Qf3 Qd7 32. Rcd1 Qc8 $2 (32... f5 $16 {was called for.} 33. d5 f4 34. dxc6 Qxc6) 33. b4 a6 34. Rd2 Rg6 35. Nf5 Nxf5 36. exf5 Rg5 {[#]} 37. Re6 $1 {Hoping for h4.} g6 38. Re7 Rxf5 39. Qh3 {[%csl Ge7][%cal Rh3h7]} h5 $2 (39... Rh5 40. Qxc8 Rxc8) 40. Qg3 $2 (40. Qe3 $18 {is the precise move to win. Threatening mate with Qh6+.} g5 41. Qd3) 40... Rg5 (40... Rf7 $16 {keeps fighting.} 41. Rxf7 Qe8 42. Rf8+ Qxf8) 41. Qc7 (41. Qe3 $18 h4 42. Re2) 41... Qxc7 $14 42. Rxc7 {Accuracy: White = 30%, Black = 33%.} 1/2-1/2

[Event "OBEM 2019"]
[Site "Bremen"]
[Date "2019.04.14"]
[Round "3.3"]
[White "Elmali, Timur"]
[Black "Hochhuth, Arnd"]
[Result "1-0"]
[WhiteElo "2121"]
[BlackElo "1917"]
[Annotator "NA"]
[PlyCount "53"]
[EventDate "2019.04.13"]
[EventType "swiss"]
[EventCountry "GER"]
[SourceTitle "playchess.com"]
[Source "ChessBase"]
[SourceQuality "1"]
[TimeControl "40/5400+30:1800+30"]

1. d4 {[%emt 0:00:00]} Nf6 {[%emt 0:00:00]} 2. c4 {[%emt 0:00:00]} e6 {[%emt 0:01:08]} 3. Nc3 {[%emt 0:00:09]} Bb4 {[%emt 0:00:53]} 4. e3 {[%emt 0:00:22]} O-O {[%emt 0:00:31]} 5. Bd3 {[%emt 0:00:21]} c5 {[%emt 0:02:39]} 6. Nf3 {[%emt 0:01:00]} d6 {[%emt 0:06:14]} 7. Qc2 {[%emt 0:07:16]} Nc6 {[%emt 0:03:57]} 8. O-O {[%emt 0:09:32]} Bxc3 {[%emt 0:08:29]} 9. Qxc3 {[%emt 0:04:55]} Qe7 {[%emt 0:13:47] E38: Nimzo-Indian: Classical: 4...c5} (9... e5 10. Bc2 e4 11. Nd2 cxd4 12. exd4 d5 13. c5 a5 14. Nb1 Nh5 15. Be3 f5 16. Bd1 f4 17. Bxh5 {½-½ (31) Dambacher,M (2485)-Peng,Z (2368) Netherlands 2016}) 10. dxc5 {[%emt 0:10:33]} dxc5 {[%emt 0:01:01]} 11. Ne5 {[%emt 0:00:19]} Nxe5 {[%emt 0:07:34]} 12. Qxe5 {[%emt 0:00:23]} Rd8 $146 {[%emt 0:00:26]} ({Predecessor:} 12... Ng4) 13. Bc2 {[%emt 0:04:36]} b6 {[%emt 0:11:29]} 14. b3 {[%emt 0:02:56]} Bb7 {[%emt 0:01:04]} 15. Bb2 {[%emt 0:00:15]} Qd6 {[%emt 0:02:35]} 16. Qg5 {[%emt 0:02:12]} h6 {[%emt 0:01:54]} 17. Qh4 {[%emt 0:06:48]} e5 {[%emt 0:04:53]} 18. Rad1 {[%emt 0:03:56]} Qe6 {[%emt 0:01:20]} 19. f3 {[%emt 0:00:51]} Rxd1 {[%emt 0:02:21]} 20. Rxd1 {[%emt 0:00:09]} Re8 {[%emt 0:00:08]} 21. a3 {[%emt 0:04:51]} a5 {[%emt 0:06:36]} 22. Qf2 {[%emt 0:02:57]} e4 {[%emt 0:05:26]} 23. f4 {[%emt 0:01:53]} Bc6 {[%emt 0:03:46]} 24. h3 {[%emt 0:03:39]} Nd7 {[%emt 0:00:41]} 25. Qg3 {[%emt 0:09:37]} f6 {[%emt 0:05:42]} 26. f5 {[%emt 0:00:38]} Qe7 $18 {[%emt 0:01:18]} 27. Qe1 {[%emt 0:23:22]} 1-0

[Event "OBEM 2019"]
[Site "Bremen"]
[Date "2019.04.14"]
[Round "3.4"]
[White "Norbach, Alexander"]
[Black "Pienski, Olaf"]
[Result "1-0"]
[WhiteElo "1972"]
[BlackElo "2081"]
[Annotator "NA RC"]
[PlyCount "99"]
[EventDate "2019.04.13"]
[EventType "swiss"]
[EventCountry "GER"]
[SourceTitle "playchess.com"]
[Source "ChessBase"]
[SourceQuality "1"]
[TimeControl "40/5400+30:1800+30"]

1. d4 {[%emt 0:00:00]} d6 {[%emt 0:00:01]} 2. c4 {[%emt 0:00:14]} e5 {[%emt 0:00:56]} 3. d5 {[%emt 0:00:42]} f5 {[%emt 0:00:32]} 4. g3 {[%emt 0:01:14] A41: 1 d4 d6: Tartakower System and Modern Defence} Be7 {[%emt 0:02:04]} 5. Bg2 {[%emt 0:00:18]} Nf6 {[%emt 0:01:32]} 6. Nc3 {[%emt 0:00:39]} O-O {[%emt 0:03:49]} 7. Nf3 {[%emt 0:00:28]} Nbd7 {[%emt 0:07:23]} (7... a5 8. e4 Na6 9. exf5 Bxf5 10. O-O Qd7 11. Ng5 Nc5 12. Be3 Ng4 13. Nge4 Nxe4 14. Nxe4 {1-0 (59) Ponkratov,P (2613)-Sjugirov,S (2650) Riadh 2017}) 8. Ng5 {[%emt 0:05:46]} Nb6 {[%emt 0:09:18]} 9. b3 {[%emt 0:03:10]} Kh8 $146 {[%emt 0:13:56]} ({Predecessor:} 9... h6 10. Nf3 Nbd7 11. Nh4 Ne8 12. Ng6 Rf6 13. Nxe7+ Qxe7 {1-0 (51) Stefansson,V (1678)-Johannesson,O (2006) Reykjavik 2013}) 10. h4 {[%emt 0:06:11]} Bd7 {[%emt 0:08:02]} 11. e4 {[%emt 0:01:54]} Qc8 {[%emt 0:13:39]} 12. Qe2 {[%emt 0:10:50]} f4 {[%emt 0:03:47]} 13. Bh3 {[%emt 0:02:41]} fxg3 {[%emt 0:07:38]} 14. fxg3 {[%emt 0:00:32]} Bxh3 {[%emt 0:00:34]} 15. Rxh3 {[%emt 0:00:17]} Nbd7 {[%emt 0:01:28]} 16. Be3 {[%emt 0:01:30]} c6 {[%emt 0:04:52]} 17. Kd2 {[%emt 0:05:05]} Nc5 {[%emt 0:00:48]} 18. Bxc5 {[%emt 0:01:19]} dxc5 {[%emt 0:00:05]} 19. Ne6 {[%emt 0:00:59]} b5 {[%emt 0:02:08]} 20. g4 {[%emt 0:02:12]} cxd5 {[%emt 0:07:55]} 21. exd5 {[%emt 0:00:32]} b4 {[%emt 0:00:48]} 22. Ne4 {[%emt 0:04:08]} Nxe4+ {[%emt 0:00:34]} 23. Qxe4 {[%emt 0:00:13]} Rf6 {[%emt 0:07:56]} 24. Ng5 {[%emt 0:01:25]} Rg6 {[%emt 0:00:21]} 25. Nxh7 {[%emt 0:01:01]} Qxg4 {[%emt 0:00:19]} 26. Qxg4 {[%emt 0:02:07]} Rxg4 {[%emt 0:00:02]} 27. Ng5 {[%emt 0:00:33]} Rf8 {[%emt 0:01:33]} 28. Re1 {[%emt 0:02:42]} Rf2+ {[%emt 0:00:45]} 29. Re2 {[%emt 0:05:03]} Rxe2+ {[%emt 0:00:30]} 30. Kxe2 {[%emt 0:00:08]} Kg8 {[%emt 0:00:16]} 31. Nf3 {[%emt 0:04:43]} Bf6 {[%emt 0:00:33]} 32. Rh2 {[%emt 0:01:29]} Kf7 {[%emt 0:00:19]} 33. Ke3 {[%emt 0:01:44]} Ke7 {[%emt 0:00:37] [#]} (33... Kg6 $1 $11 {keeps the balance.}) 34. Re2 {[%emt 0:09:10]} (34. Nd2 $1 $16) 34... Kd7 {[%emt 0:01:05]} 35. Kd3 {[%emt 0:01:57]} Rg3 {[%emt 0:00:16]} 36. Re3 $11 {[%emt 0:06:39]} Rg4 $2 {[%emt 0:00:49]} (36... g6 $1 $11) 37. Nxe5+ {[%emt 0:04:54]} Bxe5 {[%emt 0:00:03]} 38. Rxe5 {[%emt 0:00:11]} Rxh4 {[%emt 0:00:08]} 39. Rg5 {[%emt 0:00:09]} Rh7 {[%emt 0:00:42]} 40. Rg6 {[%emt 0:00:33]} Kc7 {[%emt 0:01:17]} 41. Rc6+ {[%emt 0:30:27]} Kb7 {[%emt 0:30:28]} 42. Rxc5 {[%emt 0:00:13]} a6 {[%emt 0:00:15]} 43. Rc6 {[%emt 0:00:38]} Rh2 {[%emt 0:00:13]} 44. Rg6 {[%emt 0:01:07]} Rxa2 {[%emt 0:00:17]} 45. c5 {[%emt 0:00:21]} a5 {[%emt 0:01:18]} 46. Kc4 {[%emt 0:00:22]} Rd2 {[%emt 0:00:00]} 47. Rxg7+ {[%emt 0:00:00]} Kc8 {[%emt 0:00:00]} 48. d6 {[%emt 0:00:00]} Rc2+ {[%emt 0:00:00]} 49. Kb5 {[%emt 0:00:00]} a4 {[%emt 0:00:00]} 50. c6 {[%emt 0:00:00]} 1-0

[Event "OBEM 2019"]
[Site "Bremen"]
[Date "2019.04.15"]
[Round "4.1"]
[White "Peters, Frank"]
[Black "Elmali, Timur"]
[Result "0-1"]
[WhiteElo "2059"]
[BlackElo "2121"]
[Annotator "TA"]
[PlyCount "58"]
[EventDate "2019.04.13"]
[EventType "swiss"]
[EventCountry "GER"]
[SourceTitle "playchess.com"]
[Source "ChessBase"]
[SourceQuality "1"]

{[%evp 14,58,27,20,16,10,16,5,43,39,34,-68,-62,-93,-31,-36,-25,-44,-31,-36,0,-60,-64,-95,-28,-42,-20,-127,0,0,0,0,0,-50,-56,-122,-106,-97,-37,-245,28,-38,-12,-241,-245,-239,-195]} 1. c4 e5 2. Nc3 d6 3. g3 f5 4. Bg2 Nf6 5. e3 Be7 6. Nge2 O-O 7. O-O c6 8. d3 Qe8 {A21: English Opening: 1...e5 2 Nc3} 9. f4 Na6 10. Rb1 (10. b3 Bd8 11. Qd2 Bb6 12. Na4 Bc7 13. Bb2 Bd7 14. Rae1 Rd8 15. h3 b5 16. cxb5 cxb5 {1-0 (52) Oparin,G (2609)-Vitiugov,N (2730) Satka 2018}) 10... Qh5 {The position is equal.} 11. b4 Bd7 $146 ({Predecessor:} 11... e4 12. d4 Nc7 13. d5 Qf7 14. Qd2 cxd5 15. cxd5 Ncxd5 16. Nxd5 Nxd5 {0-1 (49) Drummond,M (2235)-Chandler,M (2537) Queenstown 2006}) 12. d4 (12. b5 $14 Nc5 13. bxc6 Bxc6 14. d4 Bxg2 15. Kxg2 exd4 16. exd4) 12... e4 $1 $15 (12... exd4 $6 13. Nxd4 Qxd1 14. Rxd1 $11) 13. b5 Nc7 (13... cxb5 $17 {And now ...b4 would win.} 14. Nxb5 Rfc8) 14. bxc6 $1 bxc6 15. Rb7 Rfc8 16. d5 cxd5 17. Nxd5 (17. Rxc7 $1 $11 Rxc7 18. Nxd5 Rxc4 19. Nxf6+ gxf6 20. Qd5+ {[%mdl 64] Double Attack} Kf8 21. Qxc4 (21. Qxa8+ Rc8 $17)) 17... Ncxd5 18. cxd5 Qe8 (18... Bd8 $17 19. Nd4 Qxd1 20. Rxd1 Bb6) 19. Nd4 Rc5 20. Rf2 (20. Ba3 $11 {remains equal.}) 20... Ba4 ({Of course not} 20... Nxd5 $6 21. Ba3 $15) ({Black should play} 20... Qc8 $1 $17 21. Rb1 Nxd5) 21. Qd2 $1 $11 Rxd5 22. Bf1 {aiming for Bc4.} Rc8 23. Qb2 Ng4 24. Re2 ({Wrong is} 24. Ne6 $2 Bf6 $19) (24. Rg2 $1 $15) 24... Bf6 $36 {[%mdl 2048] Black is on the roll.} 25. h3 Nh6 (25... Bxd4 $1 $17 26. exd4 Nf6 27. Rxa7 Qc6) 26. Rxa7 $2 {[#]} (26. Rf2 $15) 26... Nf7 $2 (26... Rxd4 $1 $19 {[%mdl 512]} 27. exd4 Rxc1 $1 {[%mdl 512]} 28. Rxa4 Rxf1+ $1 {[%mdl 512]} 29. Kxf1 Qxa4 30. Qb3+ Qxb3 31. axb3 Bxd4) 27. Qb4 ({Better is} 27. Re1 $11) 27... Bxd4 (27... Bb5 $5 28. Nxb5 Rxb5 $17) 28. Rxa4 $2 {[#]} (28. exd4 $11 {and White stays safe.} Bb5 29. Re1) 28... Bc5 $1 $19 {[%cal Rc5b4]} ({Don't take} 28... Rxc1 29. exd4 Rb5 30. Ra8 $17) 29. Qb3 {Rb2 is the strong threat.} Rd3 {Accuracy: White = 15%, Black = 43%.} 0-1

[Event "OBEM 2019"]
[Site "Bremen"]
[Date "2019.04.15"]
[Round "4.2"]
[White "Norbach, Alexander"]
[Black "Stieglitz, Dirk"]
[Result "1/2-1/2"]
[WhiteElo "1972"]
[BlackElo "2076"]
[Annotator "NA RC"]
[PlyCount "54"]
[EventDate "2019.04.13"]
[EventType "swiss"]
[EventCountry "GER"]
[SourceTitle "playchess.com"]
[Source "ChessBase"]
[SourceQuality "1"]
[TimeControl "40/5400+30:1800+30"]

1. d4 {[%emt 0:00:39]} d5 {[%emt 0:00:00]} 2. c4 {[%emt 0:00:20]} e6 {[%emt 0:00:00]} 3. Nc3 {[%emt 0:00:17]} Nf6 {[%emt 0:00:01]} 4. Nf3 {[%emt 0:00:28]} Be7 {[%emt 0:00:09]} 5. g3 {[%emt 0:00:23]} O-O {[%emt 0:00:45]} 6. Bg2 {[%emt 0:00:12]} c6 {[%emt 0:03:28]} 7. Ne5 {[%emt 0:02:58]} Nbd7 {[%emt 0:01:01]} 8. f4 {[%emt 0:04:54]} Nxe5 {[%emt 0:01:06]} 9. dxe5 {[%emt 0:00:22]} Nd7 {[%emt 0:00:42]} 10. Be3 {[%emt 0:01:28]} f6 {[%emt 0:00:53]} 11. Bh3 {[%emt 0:11:09]} Nb6 {[%emt 0:09:29]} 12. cxd5 {[%emt 0:17:30]} exd5 {[%emt 0:03:16]} 13. Bxc8 {[%emt 0:01:32]} Qxc8 {[%emt 0:05:20]} 14. exf6 {[%emt 0:01:36]} Bxf6 {[%emt 0:00:25]} 15. Bxb6 {[%emt 0:00:27]} Bxc3+ {[%emt 0:04:47]} 16. bxc3 {[%emt 0:00:22]} axb6 {[%emt 0:00:05]} 17. O-O {[%emt 0:00:44]} Qe6 {[%emt 0:01:10]} 18. Rf3 {[%emt 0:05:24]} b5 {[%emt 0:01:26]} 19. Qd2 {[%emt 0:03:39]} Rfe8 {[%emt 0:06:38]} 20. Re1 {[%emt 0:03:44]} Ra4 {[%emt 0:01:37]} 21. f5 {[%emt 0:06:55]} Qf6 {[%emt 0:00:27]} 22. h3 {[%emt 0:00:52]} h5 {[%emt 0:01:57]} 23. Ref1 {[%emt 0:06:12]} Rea8 {[%emt 0:02:00]} 24. Qe3 {[%emt 0:06:06]} Re4 {[%emt 0:06:13]} 25. Qd2 {[%emt 0:01:24]} Rea4 {[%emt 0:05:42]} 26. Qe3 {[%emt 0:01:09]} Re4 {[%emt 0:11:17]} 27. Qd2 {[%emt 0:00:14]} Rea4 {[%emt 0:02:16]} 1/2-1/2